| 000 | 00777nam a2200217 i 4500 | ||
|---|---|---|---|
| 001 | 85935 | ||
| 003 | ES-MaACL | ||
| 005 | 20250830095355.0 | ||
| 007 | t| | ||
| 008 | 041203s1934 sp ||||1| spa d | ||
| 100 | 1 |
_aKelsen, Hans. _967797 |
|
| 245 | 1 | 0 |
_aTeoría general del Estado / _cHans Kelsen ; traducción directa del alemán por Luis Legaz y Lacambra. |
| 260 |
_aBarcelona : _bLabor, _c1934 ( _fTall. Gráf. Ibero Americanos) |
||
| 300 |
_aXIX, 544 p. ; _c23 cm. |
||
| 490 | 1 | _aEnciclopedia de ciencias jurídicas y sociales. Ciencia jurídica | |
| 650 | 7 |
_aEstado _2embne _912523 |
|
| 700 | 1 |
_aLegaz Lacambra, Luis. _971264 |
|
| 830 | 1 | 0 |
_aEnciclopedia de ciencias jurídicas y sociales _9183357 |
| 852 |
_aES-MaACL _jA-2193 |
||
| 999 |
_c85935 _d85935 |
||